000 01079cab a2200301 4500
001 ABS59164
008 090401t1998 xxu||||| |||| 00| 0 eng d
035 _a(Sirsi) u88395
041 _aeng
100 _aCastorina, G.
245 _aCompulsive disorder
260 _c1998
350 _a0
490 _aEstates Gazette
_v(9835) 29 August 1998, 74-77(3)
520 _aDiscusses the planned review of the procedures relating to compulsory purchase. Looks at the problems of the system of compulsory purchase, its historical development, the order-making process, what can be acquired, and the test as to whether or not a compulsory purchase order ought to be confirmed.
650 _aCOMPULSORY PURCHASE ORDERS
650 _aCompulsory purchase
_96228
650 _aISSUES
650 _aLEGISLATION
650 _aNOTICES
650 _aPOWERS
650 _aREVIEW
650 _aTESTS
690 _aENVIRONMENTAL AND LAND CONSULTANCY-PLANNING AND DEVELOPMENT-COMPULSORY PURCHASE AND COMPENSATION
700 _aPiatt, A.
942 _n0
948 _c09/09/1998
999 _c55833
_d55833